000 00746nam a2200229 i 4500
001 129967
003 ES-MaACL
005 20250814033435.0
007 t|
008 070712s1979 sp ||||1| spa d
111 2 _aSemana de Biología (
_n2ª.
_d1979.
_cMadrid)
_9983
245 1 0 _aII Semana de biología
_b: conferencias /
_cMiguel Cordero del Campillos y otros.
260 _aMadrid :
_bFundación Juan March,
_c[1979]
300 _a2 v. ;
_c21 cm.
490 1 _aSerie universitaria
505 8 _aContiene: Zoología
650 7 _aZoología
_2embne
_917868
700 1 _aCordero del Campillo, Miguel.
_940521
830 0 _aSerie universitaria
_9180747
852 _aES-MaACL
_jA-10003-4
_bR.99248
999 _c129967
_d129967